| 000 | 00566nam a2200205 a 4500 | ||
|---|---|---|---|
| 005 | 20240911064442.0 | ||
| 008 | 991125s1978 mad 000 0 spa u | ||
| 020 | _a8403780028 | ||
| 035 | _aUPN01000032362 | ||
| 049 | _aCG | ||
| 050 | 4 |
_aH83 _bA9.5 1978 |
|
| 100 | 1 |
_aAyala, Francisco, _d1906-2009 _928869 |
|
| 245 | 1 | 0 |
_aIntroducción a las ciencias sociales / _cFrancisco Ayala. |
| 250 | _a8a ed. | ||
| 260 |
_aMadrid : _bAguilar, _c1978. |
||
| 300 | _a309 p. | ||
| 440 | 0 | _aIniciación a la sociología | |
| 650 | 4 |
_aCiencias sociales _99133 |
|
| 905 | _aLibro | ||
| 999 |
_c32362 _d32362 |
||